<?xml version="1.0" encoding="UTF-8"?>
<record
    xmlns:xsi="http://www.w3.org/2001/XMLSchema-instance"
    xsi:schemaLocation="http://www.loc.gov/MARC21/slim http://www.loc.gov/standards/marcxml/schema/MARC21slim.xsd"
    xmlns="http://www.loc.gov/MARC21/slim">

  <leader>02200nam0a2200433   4500</leader>
  <controlfield tag="001">RU\NLR\bibl\1836048</controlfield>
  <controlfield tag="005">20260406142014.0</controlfield>
  <datafield tag="010" ind1=" " ind2=" ">
    <subfield code="a">978-5-7380-0392-9</subfield>
    <subfield code="9">1000</subfield>
  </datafield>
  <datafield tag="021" ind1=" " ind2=" ">
    <subfield code="a">RU</subfield>
    <subfield code="b">2011-3120&#x438;</subfield>
    <subfield code="9">421&#x438;</subfield>
  </datafield>
  <datafield tag="035" ind1=" " ind2=" ">
    <subfield code="a">(NLR Aleph) 001826534</subfield>
  </datafield>
  <datafield tag="090" ind1=" " ind2=" ">
    <subfield code="a">2078871</subfield>
    <subfield code="c">2078871</subfield>
  </datafield>
  <datafield tag="100" ind1=" " ind2=" ">
    <subfield code="a">20111118d2011    |||y0rusy50      ca</subfield>
  </datafield>
  <datafield tag="101" ind1="0" ind2=" ">
    <subfield code="a">rus</subfield>
    <subfield code="a">ita</subfield>
  </datafield>
  <datafield tag="102" ind1=" " ind2=" ">
    <subfield code="a">RU</subfield>
  </datafield>
  <datafield tag="105" ind1=" " ind2=" ">
    <subfield code="a">a   |||||||||</subfield>
  </datafield>
  <datafield tag="200" ind1="1" ind2=" ">
    <subfield code="a">&#x412;&#x435;&#x447;&#x43D;&#x44B;&#x439; &#x433;&#x43E;&#x440;&#x43E;&#x434;</subfield>
    <subfield code="d">Citta eterna</subfield>
    <subfield code="e">&#x444;&#x43E;&#x442;&#x43E;&#x430;&#x43B;&#x44C;&#x431;&#x43E;&#x43C; &#x43F;&#x43E; &#x43F;&#x43E;&#x432;&#x435;&#x441;&#x442;&#x438; &#x41D;.&#x412;. &#x413;&#x43E;&#x433;&#x43E;&#x43B;&#x44F; "&#x420;&#x438;&#x43C;", &#x43F;&#x438;&#x441;&#x44C;&#x43C;&#x430;&#x43C; &#x438; &#x432;&#x43E;&#x441;&#x43F;&#x43E;&#x43C;&#x438;&#x43D;&#x430;&#x43D;&#x438;&#x44F;&#x43C; &#x441;&#x43E;&#x432;&#x440;&#x435;&#x43C;&#x435;&#x43D;&#x43D;&#x438;&#x43A;&#x43E;&#x432;</subfield>
    <subfield code="f">&#x41B;&#x44E;&#x434;&#x43C;&#x438;&#x43B;&#x430; &#x412;&#x43E;&#x43B;&#x43A;&#x43E;&#x432;&#x430;</subfield>
    <subfield code="g">[&#x432;&#x441;&#x442;&#x443;&#x43F;. &#x441;&#x442;.: &#x420;&#x438;&#x442;&#x430; &#x414;&#x436;&#x443;&#x43B;&#x438;&#x430;&#x43D;&#x438;]</subfield>
    <subfield code="z">eng</subfield>
  </datafield>
  <datafield tag="210" ind1=" " ind2=" ">
    <subfield code="a">&#x41C;&#x43E;&#x441;&#x43A;&#x432;&#x430;</subfield>
    <subfield code="c">&#x426;&#x435;&#x43D;&#x442;&#x440; &#x43A;&#x43D;&#x438;&#x433;&#x438; &#x420;&#x443;&#x434;&#x43E;&#x43C;&#x438;&#x43D;&#x43E;</subfield>
    <subfield code="d">2011</subfield>
  </datafield>
  <datafield tag="215" ind1=" " ind2=" ">
    <subfield code="a">126, [1] &#x441;.</subfield>
    <subfield code="c">&#x438;&#x43B;., &#x446;&#x432;. &#x438;&#x43B;.</subfield>
    <subfield code="d">26</subfield>
  </datafield>
  <datafield tag="225" ind1="1" ind2=" ">
    <subfield code="a">&#x414;&#x435;&#x43A;&#x43E;&#x440;&#x430;&#x446;&#x438;&#x438; &#x43A;&#x43B;&#x430;&#x441;&#x441;&#x438;&#x43A;&#x43E;&#x432;</subfield>
  </datafield>
  <datafield tag="300" ind1=" " ind2=" ">
    <subfield code="a">&#x410;&#x432;&#x442;. &#x442;&#x430;&#x43A;&#x436;&#x435; &#x43D;&#x430; &#x438;&#x442;. &#x44F;&#x437;.: Ljudmila Volkova</subfield>
  </datafield>
  <datafield tag="300" ind1=" " ind2=" ">
    <subfield code="a">&#x412; &#x432;&#x44B;&#x43F;. &#x434;&#x430;&#x43D;. &#x430;&#x432;&#x442;.: &#x430;&#x432;&#x442;. &#x444;&#x43E;&#x442;. &#x41B;.&#x412;. &#x412;&#x43E;&#x43B;&#x43A;&#x43E;&#x432;&#x430;</subfield>
  </datafield>
  <datafield tag="300" ind1=" " ind2=" ">
    <subfield code="a">&#x422;&#x435;&#x43A;&#x441;&#x442; &#x43F;&#x430;&#x440;&#x430;&#x43B;. &#x43D;&#x430; &#x440;&#x443;&#x441;. &#x438; &#x438;&#x442;. &#x44F;&#x437;.</subfield>
  </datafield>
  <datafield tag="500" ind1="1" ind2="0">
    <subfield code="6">z01702</subfield>
    <subfield code="a">&#x420;&#x438;&#x43C;</subfield>
  </datafield>
  <datafield tag="510" ind1="1" ind2=" ">
    <subfield code="6">z17790</subfield>
    <subfield code="a">Citta eterna</subfield>
    <subfield code="z">rus</subfield>
  </datafield>
  <datafield tag="600" ind1=" " ind2="1">
    <subfield code="a">&#x413;&#x43E;&#x433;&#x43E;&#x43B;&#x44C;</subfield>
    <subfield code="b">&#x41D;.&#x412;.</subfield>
    <subfield code="f">1809 - 1852</subfield>
    <subfield code="g">&#x41D;&#x438;&#x43A;&#x43E;&#x43B;&#x430;&#x439; &#x412;&#x430;&#x441;&#x438;&#x43B;&#x44C;&#x435;&#x432;&#x438;&#x447;</subfield>
    <subfield code="x">&#x41F;&#x430;&#x43C;&#x44F;&#x442;&#x43D;&#x44B;&#x435; &#x43C;&#x435;&#x441;&#x442;&#x430;</subfield>
    <subfield code="y">&#x420;&#x438;&#x43C;, &#x433;&#x43E;&#x440;&#x43E;&#x434; (&#x418;&#x442;&#x430;&#x43B;&#x438;&#x44F;)</subfield>
    <subfield code="9">2567835</subfield>
    <subfield code="3">RU\NLR\auth\661518622</subfield>
  </datafield>
  <datafield tag="607" ind1=" " ind2=" ">
    <subfield code="a">&#x420;&#x438;&#x43C;, &#x433;&#x43E;&#x440;&#x43E;&#x434; (&#x418;&#x442;&#x430;&#x43B;&#x438;&#x44F;)</subfield>
    <subfield code="j">&#x424;&#x43E;&#x442;&#x43E;&#x430;&#x43B;&#x44C;&#x431;&#x43E;&#x43C;&#x44B;</subfield>
    <subfield code="x">&#x432; &#x444;&#x43E;&#x442;&#x43E;&#x433;&#x440;&#x430;&#x444;&#x438;&#x438; &#x445;&#x443;&#x434;&#x43E;&#x436;&#x435;&#x441;&#x442;&#x432;&#x435;&#x43D;&#x43D;&#x43E;&#x439;</subfield>
    <subfield code="9">2102709</subfield>
    <subfield code="3">RU\NLR\auth\661575152</subfield>
  </datafield>
  <datafield tag="686" ind1=" " ind2=" ">
    <subfield code="a">&#x429;163(0)-3&#x44F;61</subfield>
  </datafield>
  <datafield tag="686" ind1=" " ind2=" ">
    <subfield code="a">&#x428;5(2=&#x420;)51-4&#x413;&#x43E;&#x433;&#x43E;&#x43B;&#x44C;28</subfield>
  </datafield>
  <datafield tag="700" ind1=" " ind2="1">
    <subfield code="4">070</subfield>
    <subfield code="8">rus</subfield>
    <subfield code="7">ca</subfield>
    <subfield code="a">&#x412;&#x43E;&#x43B;&#x43A;&#x43E;&#x432;&#x430;</subfield>
    <subfield code="b">&#x41B;. &#x412;.</subfield>
    <subfield code="c">&#x444;&#x43E;&#x442;&#x43E;&#x445;&#x443;&#x434;&#x43E;&#x436;&#x43D;&#x438;&#x43A;, &#x43B;&#x438;&#x442;&#x435;&#x440;&#x430;&#x442;&#x43E;&#x440;</subfield>
    <subfield code="g">&#x41B;&#x44E;&#x434;&#x43C;&#x438;&#x43B;&#x430; &#x412;&#x430;&#x441;&#x438;&#x43B;&#x44C;&#x435;&#x432;&#x43D;&#x430;</subfield>
    <subfield code="3">RU\NLR\auth\7788096</subfield>
    <subfield code="9">71024</subfield>
  </datafield>
  <datafield tag="702" ind1=" " ind2="1">
    <subfield code="4">070</subfield>
    <subfield code="8">rus</subfield>
    <subfield code="7">ca</subfield>
    <subfield code="a">&#x413;&#x43E;&#x433;&#x43E;&#x43B;&#x44C;</subfield>
    <subfield code="b">&#x41D;. &#x412;.</subfield>
    <subfield code="f">1809-1852</subfield>
    <subfield code="g">&#x41D;&#x438;&#x43A;&#x43E;&#x43B;&#x430;&#x439; &#x412;&#x430;&#x441;&#x438;&#x43B;&#x44C;&#x435;&#x432;&#x438;&#x447;</subfield>
    <subfield code="3">RU\NLR\AUTH\773480</subfield>
    <subfield code="9">113476</subfield>
  </datafield>
  <datafield tag="790" ind1=" " ind2="1">
    <subfield code="4">070</subfield>
    <subfield code="8">rus</subfield>
    <subfield code="7">ba</subfield>
    <subfield code="a">Volkova</subfield>
    <subfield code="b">L. V.</subfield>
    <subfield code="c">&#x444;&#x43E;&#x442;&#x43E;&#x445;&#x443;&#x434;&#x43E;&#x436;&#x43D;&#x438;&#x43A;, &#x43B;&#x438;&#x442;&#x435;&#x440;&#x430;&#x442;&#x43E;&#x440;</subfield>
    <subfield code="g">Ljudmila Vasil'evna</subfield>
    <subfield code="3">RU\NLR\auth\7788098</subfield>
    <subfield code="9">71026</subfield>
  </datafield>
  <datafield tag="801" ind1=" " ind2="0">
    <subfield code="a">RU</subfield>
    <subfield code="b">NLR</subfield>
    <subfield code="c">20111118</subfield>
    <subfield code="g">RCR</subfield>
  </datafield>
  <datafield tag="801" ind1=" " ind2="1">
    <subfield code="a">RU</subfield>
    <subfield code="b">NLR</subfield>
    <subfield code="c">20111118</subfield>
  </datafield>
  <datafield tag="942" ind1=" " ind2=" ">
    <subfield code="c">BOOK</subfield>
  </datafield>
  <datafield tag="980" ind1=" " ind2=" ">
    <subfield code="a">NB</subfield>
  </datafield>
  <datafield tag="980" ind1=" " ind2=" ">
    <subfield code="a">NBR</subfield>
  </datafield>
  <datafield tag="995" ind1=" " ind2=" ">
    <subfield code="5">2011-11-18</subfield>
    <subfield code="a">ad</subfield>
    <subfield code="b">NLR02</subfield>
    <subfield code="c">NLR02</subfield>
    <subfield code="e">EST</subfield>
    <subfield code="f">3536302</subfield>
    <subfield code="k">&#x42D; &#x410;&#x43B;&#x422;31/2-&#x420;510</subfield>
    <subfield code="o">0</subfield>
    <subfield code="r">BOOK</subfield>
    <subfield code="s">_312510</subfield>
  </datafield>
  <datafield tag="995" ind1=" " ind2=" ">
    <subfield code="5">2011-11-18</subfield>
    <subfield code="a">ad</subfield>
    <subfield code="b">NLR02</subfield>
    <subfield code="c">NLR02</subfield>
    <subfield code="e">EST</subfield>
    <subfield code="f">3536303</subfield>
    <subfield code="k">&#x42D; &#x410;&#x43B;&#x422;31/2-&#x420;510</subfield>
    <subfield code="o">0</subfield>
    <subfield code="r">BOOK</subfield>
    <subfield code="s">_312510</subfield>
  </datafield>
</record>
